000 01308cam a22003494a 4500
001 14306388
005 20160901065305.0
008 160824s2006 xxua g 001 0 eng
010 _a 2006009490
020 _a1579221408
020 _a9781579221409
020 _a1579221416 (pbk. : alk. paper)
020 _a9781579221416 (pbk. : alk. paper)
035 _a(OCoLC)ocm65644320
035 _a(OCoLC)65644320
040 _aCo-BoUCM
_cEdgar Pinilla
_dEdgar Pinilla
041 _aeng
042 _apcc
043 _an-us---
100 1 _aBresciani, Marilee J.
_979097
245 1 0 _aOutcomes-based academic and co-curricular program review
_ba compilation of institutional good practices
_cMarilee J. Bresciani ; foreword by Ralph Wolff
260 _aSterling, Virginia
_bStylus
_c2006
300 _axviii, 214 páginas
_bilustraciones
504 _aIncluye referencias bibliográficas e índices
650 0 4 _aMediciones y pruebas educativas
_zEstados Unidos
_xEnseñanza superior
_979098
650 0 4 _aEnseñanza universitaria
_zEstados Unidos
_979099
650 0 4 _aEducación superior
_zEstados Unidos
_939343
690 0 _aEducación superior
_9177
700 0 3 _aWolff, Ralph
_eprólogo
_979100
942 _2DEWEY
_a10
_cLIBRO
_e1
_h378.166
_mB842
999 _c304186
_d304186